<?xml version="1.0" encoding="UTF-8"?>
<collection xmlns="http://www.loc.gov/MARC21/slim">
    <record>
        <controlfield tag="001">75475</controlfield>
        <controlfield tag="005">20200117221613.0</controlfield>
        <datafield tag="024" ind1="8" ind2=" ">
            <subfield code="2">sideral</subfield>
            <subfield code="a">108171</subfield>
        </datafield>
        <datafield tag="037" ind1=" " ind2=" ">
            <subfield code="a">ART-2018-108171</subfield>
        </datafield>
        <datafield tag="041" ind1=" " ind2=" ">
            <subfield code="a">spa</subfield>
        </datafield>
        <datafield tag="100" ind1=" " ind2=" ">
            <subfield code="a">Vidal-Vallés, D.</subfield>
        </datafield>
        <datafield tag="245" ind1=" " ind2=" ">
            <subfield code="a">Bird roadkill occurences in Aragon, Spain</subfield>
        </datafield>
        <datafield tag="260" ind1=" " ind2=" ">
            <subfield code="c">2018</subfield>
        </datafield>
        <datafield tag="506" ind1="0" ind2=" ">
            <subfield code="a">Access copy available to the general public</subfield>
            <subfield code="f">Unrestricted</subfield>
        </datafield>
        <datafield tag="520" ind1="3" ind2=" ">
            <subfield code="a">The increase in road networks and vehicular traffic has posed a major threat to vertebrates over the last century. Although it is difficult to determine the annual number of avian-vehicle collisions, 2 to 9 million roadkills have been estimated for Europe, with numbers varying from country to country. Few studies have been conducted at a national or regional level in Spain. In this study we used data from La Alfranca Wildlife Rehabilitation Centre database to determine location, season and incidence of avian-vehicle collisions in the autonomous county of Aragon (Spain). A total of 643 wild birds representing 71 species were killed on roads between 2012 and 2014. Nine of these species have a high incidence of avian-vehicle collisions, four a moderate incidence, and 57 a low incidence. The species with the highest incidence was the griffon vulture (120 individuals). Spatial distribution of avian-vehicle collisions was heterogeneous, and the incidence was highest in July, August and September. We identified 41 reas of high roadkill occurrence, using a number of roadkills per km index (RI): 28 in the province of Zaragoza, 9 in Huesca and 4 in Teruel. Management strategies are proposed to reduce this threat on wild birds. 

La expansión de la red viaria y el aumento del tráfico de vehículos se han convertido en una amenaza importante para los vertebrados en el último siglo. Algunas estimaciones sitúan entre 2 y 9 millones de individuos afectados anualmente en Europa, con variaciones entre países. En España existen pocos estudios a escala nacional y autonómica. En este estudio se ha utilizado la base de datos del Centro de Recuperación de Fauna Silvestre de La Alfranca para determinar la localización, temporalidad e incidencia de los atropellos de avifauna que se producen en la comunidad autónoma de Aragón. Se han detectado 643 atropellos mortales de aves silvestres (71 especies) entre los años 2012 y 2014. Nueve de estas especies presentan una incidencia de atropellos alta; cuatro, una incidencia moderada, y 57, una incidencia baja. La especie con la mayor incidencia fue el buitre leonado (120 individuos). La distribución espacial de los atropellos fue heterogénea y julio, agosto y septiembre fueron los meses con mayor incidencia. Se identificaron 41 áreas de incidencia alta de atropellos, usando el índice de atropellos mortales por kilómetro (RI): 28 en la provincia de Zaragoza, 9 en la de Huesca y 4 en la de Teruel. Se proponen una serie de estrategias de gestión con el fin de reducir esta amenaza para las aves silvestres.</subfield>
        </datafield>
        <datafield tag="540" ind1=" " ind2=" ">
            <subfield code="9">info:eu-repo/semantics/openAccess</subfield>
            <subfield code="a">by</subfield>
            <subfield code="u">http://creativecommons.org/licenses/by/3.0/es/</subfield>
        </datafield>
        <datafield tag="590" ind1=" " ind2=" ">
            <subfield code="a">0.792</subfield>
            <subfield code="b">2018</subfield>
        </datafield>
        <datafield tag="591" ind1=" " ind2=" ">
            <subfield code="a">BIODIVERSITY CONSERVATION</subfield>
            <subfield code="b">48 / 58 = 0.828</subfield>
            <subfield code="c">2018</subfield>
            <subfield code="d">Q4</subfield>
            <subfield code="e">T3</subfield>
        </datafield>
        <datafield tag="592" ind1=" " ind2=" ">
            <subfield code="a">0.288</subfield>
            <subfield code="b">2018</subfield>
        </datafield>
        <datafield tag="593" ind1=" " ind2=" ">
            <subfield code="a">Nature and Landscape Conservation</subfield>
            <subfield code="c">2018</subfield>
            <subfield code="d">Q3</subfield>
        </datafield>
        <datafield tag="593" ind1=" " ind2=" ">
            <subfield code="a">Animal Science and Zoology</subfield>
            <subfield code="c">2018</subfield>
            <subfield code="d">Q3</subfield>
        </datafield>
        <datafield tag="655" ind1=" " ind2="4">
            <subfield code="a">info:eu-repo/semantics/article</subfield>
            <subfield code="v">info:eu-repo/semantics/publishedVersion</subfield>
        </datafield>
        <datafield tag="700" ind1=" " ind2=" ">
            <subfield code="a">Rodríguez, A.</subfield>
        </datafield>
        <datafield tag="700" ind1=" " ind2=" ">
            <subfield code="0">(orcid)0000-0002-8731-1009</subfield>
            <subfield code="a">Pérez-Collazos, E.</subfield>
            <subfield code="u">Universidad de Zaragoza</subfield>
        </datafield>
        <datafield tag="710" ind1="2" ind2=" ">
            <subfield code="1">5011</subfield>
            <subfield code="2">063</subfield>
            <subfield code="a">Universidad de Zaragoza</subfield>
            <subfield code="b">Dpto. CC.Agrar.y Medio Natural</subfield>
            <subfield code="c">Área Botánica</subfield>
        </datafield>
        <datafield tag="773" ind1=" " ind2=" ">
            <subfield code="g">41, 2 (2018), 379-388</subfield>
            <subfield code="p">Anim. biodivers. conserv.</subfield>
            <subfield code="t">ANIMAL BIODIVERSITY AND CONSERVATION</subfield>
            <subfield code="x">1578-665X</subfield>
        </datafield>
        <datafield tag="856" ind1="4" ind2="1">
            <subfield code="u">https://www.raco.cat/index.php/ABC/article/download/340271/431152</subfield>
            <subfield code="z">Texto completo de la revista</subfield>
        </datafield>
        <datafield tag="856" ind1="4" ind2=" ">
            <subfield code="s">478921</subfield>
            <subfield code="u">http://zaguan.unizar.es/record/75475/files/texto_completo.pdf</subfield>
            <subfield code="y">Versión publicada</subfield>
        </datafield>
        <datafield tag="856" ind1="4" ind2=" ">
            <subfield code="s">97973</subfield>
            <subfield code="u">http://zaguan.unizar.es/record/75475/files/texto_completo.jpg?subformat=icon</subfield>
            <subfield code="x">icon</subfield>
            <subfield code="y">Versión publicada</subfield>
        </datafield>
        <datafield tag="909" ind1="C" ind2="O">
            <subfield code="o">oai:zaguan.unizar.es:75475</subfield>
            <subfield code="p">articulos</subfield>
            <subfield code="p">driver</subfield>
        </datafield>
        <datafield tag="951" ind1=" " ind2=" ">
            <subfield code="a">2020-01-17-21:49:35</subfield>
        </datafield>
        <datafield tag="980" ind1=" " ind2=" ">
            <subfield code="a">ARTICLE</subfield>
        </datafield>
    </record>

    
</collection>